Antología para la escuela : poemas, relatos y teatro /

Guardado en:
Autor Principal: Villafañe, Javier
Formato: Libro
Publicado: Buenos Aires : Atuel, 2004
Series:La Andariega
Materias:
Etiquetas: Agregar Etiqueta
Sin Etiquetas, Sea el primero en etiquetar este registro!
LEADER 01347nam a22002655a 4500
001 CEM.cems015063
008 130507s2004##################000#0#####d
005 20250428151356.0
245 1 0 |a Antología para la escuela :  |b poemas, relatos y teatro /  |c Javier Villafañe 
260 |a Buenos Aires :  |b Atuel,  |c 2004 
300 |a 136 p. 
490 0 |a La Andariega 
505 0 |a Canción del gallo pinto -- Canción de los tres hermanos -- Ronda del sapo y la rana -- Canción de los leñadores -- El viejo ratón -- El sueño del niño negro -- Duermete mi niño -- Los cinco burritos -- Pobre caballito -- La vuelta al mundo -- Domingo en el zoológico -- La jaula -- El milagro de una media luna -- Cuento que se vuelve a contar -- El que comenzó por comerse las uñas -- Picaflor -- Tordo -- La calle de los fantasmas -- El pícaro burlado -- El caballero de la mano de fuego 
020 |a 987115077 
100 1 |a Villafañe, Javier 
082 0 4 |a A861.4 
653 |a Literatura 
653 |a Literatura argentina 
653 |a Literatura infantil 
653 |a Poseía infantil 
653 |a Relatos infantiles 
653 |a Teatro infantil 
653 |a Colección ciencias de la educación 
859 |a CEMS  |b BIB. CEMS - Inicial y Primaria  |h A861.4  |i V711  |k IP  |p 5905  |t Ej.1 
859 |a CEMS  |b BIB. CEMS - Ccias. Educacion  |h A861.4  |i V711  |k CE  |p 28043.19  |t Ej.1